Marketing of plastic money : (Record no. 123954)

MARC details
000 -LEADER
fixed length control field 00801nam a22002537a 4500
003 - CONTROL NUMBER IDENTIFIER
control field 0
005 - DATE AND TIME OF LATEST TRANSACTION
control field 20180728174034.0
008 - FIXED-LENGTH DATA ELEMENTS--GENERAL INFORMATION
fixed length control field 0
010 ## - LIBRARY OF CONGRESS CONTROL NUMBER
LC control number A-945443
020 ## - INTERNATIONAL STANDARD BOOK NUMBER
Terms of availability 00.00
International Standard Book Number 8173912866
035 ## - SYSTEM CONTROL NUMBER
System control number A-945443, A-945444
037 ## - SOURCE OF ACQUISITION
Source of stock number/acquisition Cen Lib/Ret
040 ## - CATALOGING SOURCE
Original cataloging agency DPL
Language of cataloging EN
Transcribing agency 0
082 ## - DEWEY DECIMAL CLASSIFICATION NUMBER
Classification number 332.178
Item number PAN
100 ## - MAIN ENTRY--PERSONAL NAME
Personal name Panigrahy, Dibakar
9 (RLIN) 8693
245 ## - TITLE STATEMENT
Title Marketing of plastic money :
Statement of responsibility, etc by Dibakar Panigrahy
Remainder of title a new avenue of selling money /
260 ## - PUBLICATION, DISTRIBUTION, ETC. (IMPRINT)
Place of publication, distribution, etc New Delhi
Name of publisher, distributor, etc Kanishka Publishers
Date of publication, distribution, etc 1999
270 ## - ADDRESS
Address 45697/5-21A, Ansari Road, Darya Ganj
City New Delhi
Postal code 110002
300 ## - PHYSICAL DESCRIPTION
Extent vi,128p.
Dimensions 22cm(Hb)
500 ## - GENERAL NOTE
General note Includes bibliographical references and index
650 ## - SUBJECT ADDED ENTRY--TOPICAL TERM
Topical term or geographic name as entry element Credit cards--Marketing
9 (RLIN) 8694
650 ## - SUBJECT ADDED ENTRY--TOPICAL TERM
Topical term or geographic name as entry element commerce-marketing
9 (RLIN) 8695
942 ## - ADDED ENTRY ELEMENTS (KOHA)
Source of classification or shelving scheme Dewey Decimal Classification
Koha item type English Books
Classification part 332.178
Call number suffix PAN
Holdings
Withdrawn status Lost status Damaged status Not for loan Home library Current library Date acquired Source of acquisition Cost, normal purchase price Total Checkouts Full call number Barcode Date last seen Copy number Cost, replacement price Price effective from Koha item type Public note Source of classification or shelving scheme Collection code
Written off       Central Library Central Library 13/06/2015 Cen Lib/Ret 0.00   332.178 PAN A-945443 13/06/2015 1 0.00 13/06/2015 English Books Written off on approval by DLB (By Circulation); dtd 15-06-2023    
        Patel Nagar Patel Nagar 28/07/2018 BPPD/PUB 300.00   332.178 PAN A-945444 28/07/2018   300.00 28/07/2018 English Books   Dewey Decimal Classification Non-fiction

© Delhi Public Library
Hit Counter
free hit counter